Quizzes
Events
Quiz Creation
Community
Videos
Private Events
Remove Ads
Sign In
Join for FREE
Feedback
Dark Mode
Quiz Categories
Sports
Geography
Music
Movies
Television
Just For Fun
Miscellaneous
History
Literature
Language
Science
Gaming
Entertainment
Religion
Holiday
For Kids
Quiz Lab
Recent
Popular Today
Quiz Kudos Today
Editor Picks
Curator Picks
Quizzes by...
Day
Popularity
Type
Ratings
Length
Year
Community
Subscriptions
Recent Discussions
Orange Saloon
Badges
Playlists
Quests
Create
Leaderboards
Showdown
Live 5
Trivia Bingo
Activity
Puzzle Library
Sporcle Events
Private Events
Virtual Trivia
Globe League
Become a Host
Pub Owners
SporcleCon
Opinionation
Our Games
Videos
Blog
Mobile Apps
Partnerships
Remove Ads and Go Orange
Feedback
Sports
Athletes
MLB
NBA
NHL
NFL
Soccer
Sports Teams
WWE
NCAA
Football
Premier League
Basketball
Baseball
Hockey
Golf
Tennis
Cricket
Rugby
Auto Racing
Olympics
World Cup
Sports
Athletes
MLB
NBA
NHL
NFL
Soccer
Sports Teams
WWE
NCAA
Football
Premier League
Basketball
Baseball
Hockey
Golf
Tennis
Cricket
Rugby
Auto Racing
Olympics
World Cup
Random Quiz
Search Sporcle
×
Quiz Lab
Quiz Lab
Sports
Championship Losers
Type in answers that appear in a list
Type in answers that appear in a list
Classic
Best Score? Go Orange.
Championship Losers Stats
Can you name the Championship Losers in the 4 major sports since 1991?
By
berto2344
12m
83 Questions
125 Plays
125 Plays
125 Plays
Comments
Comments
Give Quiz Kudos
Give Quiz Kudos
-
- Ratings
hide this ad
Forced Order
Answers have to be entered in order
Answers have to be entered in order
Replay
Link that replays current quiz
Next Quiz
Link to next quiz in quiz playlist
You Got
0%
They Got
Avg Score
68%
Avg Friend Score
Upgrade to see
Score Distribution
Jump to the score distribution portion of the page
Score
0/83
Timer
12:00
0
Plays Today
Championship
Loser
% Correct
2009 World Series
Philadelphia Phillies
94.4%
2011 World Series
Texas Rangers
93.6%
Super Bowl XLII
New England Patriots
92%
2008 World Series
Tampa Bay Rays
91.2%
Super Bowl XLVI
New England Patriots
89.1%
Super Bowl XLIV
Indianapolis Colts
88.8%
Super Bowl XL
Seattle Seahawks
88.8%
Super Bowl XXXVII
Oakland Raiders
88%
Super Bowl XXXVI
St. Louis Rams
88%
2010 World Series
Texas Rangers
87.2%
Super Bowl XLV
Pittsburgh Steelers
87.2%
2010-
11 NBA Finals
Miami Heat
87.2%
Super Bowl XLIII
Arizona Cardinals
87.2%
Super Bowl XXXVIII
Carolina Panthers
87.2%
Super Bowl XXXIV
Tennessee Titans
87.2%
2009-
10 NBA Finals
Boston Celtics
87.2%
2001 World Series
New York Yankees
86.4%
Super Bowl XLI
Chicago Bears
86.4%
2007-
08 NBA Finals
Los Angeles Lakers
86.4%
Super Bowl XXXII
Green Bay Packers
85.6%
Super Bowl XXXV
New York Giants
84.8%
2006 World Series
Detroit Tigers
84%
2003 World Series
New York Yankees
84%
Super Bowl XXXIX
Philadelphia Eagles
84%
2007 World Series
Colorado Rockies
83.2%
2004 World Series
St. Louis Cardinals
83.2%
2000 World Series
New York Mets
83.2%
2002 World Series
San Francisco Giants
82.4%
Championship
Loser
% Correct
Super Bowl XXXIII
Atlanta Falcons
81.6%
Super Bowl XXXI
New England Patriots
81.6%
Super Bowl XXV
Buffalo Bills
81.6%
2008-
09 NBA Finals
Orlando Magic
80.8%
1999 World Series
Atlanta Braves
80%
Super Bowl XXVIII
Buffalo Bills
80%
Super Bowl XXVII
Buffalo Bills
80%
Super Bowl XXVI
Buffalo Bills
79.2%
2005 World Series
Houston Astros
78.4%
2005-
06 NBA Finals
Dallas Mavericks
77.6%
2003-
04 NBA Finals
Los Angeles Lakers
76.8%
1997-
98 NBA Finals
Utah Jazz
75.2%
Super Bowl XXX
Pittsburgh Steelers
74.4%
1996 World Series
Atlanta Braves
73.6%
2006-
07 NBA Finals
Cleveland Cavaliers
73.6%
2004-
05 NBA Finals
Detroit Pistons
73.6%
1996-
97 NBA Finals
Utah Jazz
73.6%
1998 World Series
San Diego Padres
72.8%
Super Bowl XXIX
San Diego Chargers
72.8%
2008-
09 Stanley Cup Finals
Detroit Red Wings
72.8%
1993 World Series
Philadelphia Phillies
72%
1997 World Series
Cleveland Indians
71.2%
1995 World Series
Cleveland Indians
71.2%
1992 World Series
Atlanta Braves
71.2%
2002-
03 NBA Finals
New Jersey Nets
71.2%
2001-
02 NBA Finals
New Jersey Nets
71.2%
1991 World Series
Atlanta Braves
70.4%
2007-
08 Stanley Cup Finals
Pittsburgh Penguins
70.4%
Championship
Loser
% Correct
2000-
01 NBA Finals
Philadelphia 76ers
68.8%
2010-
11 Stanley Cup Finals
Vancouver Canucks
68.1%
1993-
94 NBA Finals
New York Knicks
64.8%
2009-
10 Stanley Cup Finals
Philadelphia Flyers
64%
1998-
99 NBA Finals
New York Knicks
63.2%
1992-
93 NBA Finals
Phoenix Suns
63.2%
1991-
92 NBA Finals
Portland Trail Blazers
62.4%
1990-
91 NBA Finals
Los Angeles Lakers
62.4%
1999-
00 NBA Finals
Indiana Pacers
61.6%
1994-
95 NBA Finals
Orlando Magic
58.4%
1995-
96 NBA Finals
Seattle SuperSonics
57.6%
2005-
06 Stanley Cup Finals
Edmonton Oilers
54.4%
2000-
01 Stanley Cup Finals
New Jersey Devils
53.6%
2003-
04 Stanley Cup Finals
Calgary Flames
52.8%
2006-
07 Stanley Cup Finals
Ottawa Senators
50.4%
1998-
99 Stanley Cup Finals
Buffalo Sabres
50.4%
2002-
03 Stanley Cup Finals
Anaheim Mighty Ducks
49.6%
1999-
00 Stanley Cup Finals
Dallas Stars
48.8%
1993-
94 Stanley Cup Finals
Vancouver Canucks
48%
1994-
95 Stanley Cup Finals
Detroit Red Wings
45.6%
2001-
02 Stanley Cup Finals
Carolina Hurricanes
44.8%
1992-
93 Stanley Cup Finals
Los Angeles Kings
44.8%
1990-
91 Stanley Cup Finals
Minnesota North Stars
44.8%
1996-
97 Stanley Cup Finals
Philadelphia Flyers
44%
1995-
96 Stanley Cup Finals
Florida Panthers
43.2%
1991-
92 Stanley Cup Finals
Chicago Blackhawks
43.2%
1997-
98 Stanley Cup Finals
Washington Capitals
40.8%
Quiz Playlist
Details
Report
Send in Message
Add To Playlist
Classic:
Type in answers that appear in a list
Forced Order:
Answers have to be entered in order
Last Updated: Feb 16, 2017
Quiz Scoreboard
CHALLENGE
Sign Up to Join the Scoreboard
Show All
Scores
Hide
Comments
May contain spoilers
Recently Published
Decade Duel: World Leaders
by jenniferyan
History
4m
Alphabetical 'K' Countries by Flag Minefield
by ylime102
Geography
3m
Pick 6: Fruits
by JohnFran
Miscellaneous
15s
More to Explore
Quiz From the Vault
Featured Blog Post
15 Basketball Trivia Facts You Can Be March Mad About
hide this ad
You Might Also Like...
Tags
1991
Championship
Championship Losers
Loser
major
Winner
Today's Top Quizzes in Sports
Browse Sports
hide this ad
Today's Top Quizzes in Championship Losers
Browse Championship Losers
Top Contributed Quizzes in Sports
1
Les joueurs à 100 buts en Ligue 1 Uber Eats
2
Pick 6: NFL Teams
3
2022 World Cup Stars
4
MLB 2 truths and a lie: Hall of Fame pitchers
5
Millionaire: NBA Finals Edition
6
Pick 6: Minor League Baseball
7
Criteria MLB: Left Handed Sluggers
8
Click the 1998 NBA Draft
9
Pick 6: Olympics
10
Don't Strike Out: 3000 Strikeouts
Explore More
Trending Topics
NBA
Crossword
Kpop
Disney
Marvel
Anime
Harry Potter
Soccer
WWE
The Office
Pokémon
Country
Puzzle
Song
NFL
hide this ad
More By:
berto2344
Quiz
Plays
Rating
Category
Featured
Created
Major Sports Championships
204
3.33
Sports
Jun 24, 2010
Championship Losers
125
5.00
Sports
Jun 25, 2010
Go to Creator's Profile
Score Distribution
Quiz Creator Spotlight
berto2344
Follow
Send a Message
Quizzes Created
-
Created Quiz Play Count
-
More By This Creator
Popular Quizzes Today
1
Countries of Asia Without Outlines Minefield
2
Find the US States - No Outlines Minefield
3
Pick 6: Fruits
4
Alphabetical 'K' Countries by Flag Minefield
5
The Countries of the World
6
Find the Countries of Europe - No Outlines Minefield
7
Find the US States
8
US States
More Sports Quizzes
French Champions League Winners
Quiz Lab
Trending Quizzes
Pick 6: Mountains
Pick 6: Harry Potter
Pick 6: Flags
Pick 6: NFL Teams
Pick 6: Movie Franchises
Recently Updated
Adaptations: Name the Title
pecheneg
NWSL Teams
pecheneg
Women's Final Four Teams by Year
bhenderson79
Presidents Quartet II
eogle
Anything But Clue(do)
eogle
Anything But Oceanian Capitals
eogle
Anything But 7
eogle
Anything But Thing
eogle
Word Ladder: February 29
pecheneg
Song Title Questions
pecheneg
Trending Topics
Disney
Anime
Marvel
Kpop
NBA
Harry Potter
Crossword
Song
Soccer
Country
NFL
Pokémon
The Office
Puzzle
WWE
Your Account Isn't Verified!
In order to create a playlist on Sporcle, you need to verify the email address you used during registration. Go to your
Sporcle Settings
to finish the process.
Report this User
Report this user for behavior that violates our
Community Guidelines
.
Details:
Send Report
Go to the Sporcle.com Mobile Site →
Comments